zpět

Detail výsledku týmu

Pivovar Born, Nový Bor

Datum a čas kvízu

15.5 Celkem bodů Celkový počet nahraných bodů na tomto kvízu bez doplňovacích otázek.
13. Pořadí na kvízu Konečné umístění týmu na tomto kvízu.

Zaznamenané odpovědi

# Otázka Odpověď Body Výsledky
1. Petr Pavel si jako první český... Jana Vohralíková, Markéta Řeháková 0
2. Ve věku 79 let zemřel v neděli... Pákistán 0
3. Takovou party ještě strašnické... Petr Hošek 0
4. Česká pošta od února zdražila... 23 Kč 0
5. Ve čtvrtek měl premiéru další... Zlatan Ibrahimović, Tomáš Ujfaluši 0
6. Nyní se zaměříme na umělce a j... Josef Toufar 0
7. Postava francouzského malíře P... B) šimpanz 1
8. Za kontroverzní byla považován... Jackson Pollock 0
9. Fotografie amerického umělce A... (Serranova) moč 0
10. V poslední otázce se vrátíme k... Entropa 0